6 Most Famous Cities in Maldives on a Map - Statistics

General Stats
  • This quiz has been taken 64 times
  • The average score is 2 of 6
Answers on the Map
Answers color-coded by a green-red scale on the quiz's map according to % correct below.
 
Answer Stats
Wiki Monthly Views Cityquiz Mention Rate Population Answers % Correct
57.95K 22.41% 137.24K Malé
100%
4.37K 0.16% 13.76K Addu City/Hithadhoo
36%
3.50K 0.13% 65.71K Hulhumalé
31%
2.03K 0.22% 9.18K Fuvahmulah
29%
2.04K 0.07% 4.47K Maafushi
14%
1.16K - 0.50K Kuramathi
10%
No matching quizzes found
Score Distribution
Percent of People with Each Score
Percentile by Number Answered
Your Score History
You have not taken this quiz